00720nam a2200241Ia 4500003000900000008004100009040001300050040001300063041000800076100002100084100000900105245004500114250001000159260002800169260000900197300001100206300001300217490001600230490000600246942000700252999001700259952020200276IT-RoPAU120407s9999 xx 000 0 und d aIT-RoPAU cIT-RoPAU aita aFrancesco Chiesa ccan. a“Pensarci su”. Opuscolo per giovani. aAlba  aPia Società San Paolo c1939 a136 p. c17,5 cm aFormarsi, 1 v1 cBK c25420d25420 00102ddc406OCC__8_00000000000000071aPAULUSbPAULUSd2012-04-11l0oOCC.8r2012-04-11 00:00:00w2012-04-11yBKzInserito da: Sergio In data: 27 settembre 2011 fondo: Via A.Severo 56 Progr:28696